1116 1004 1500 1215 1901 1570 1928 1852 1299 1939 1859 1221 1690 1469 1184 1109 1384 1040 1480 1423 1498 1930 1502 1637 1419 1503 1732 1225 1295 1751 1667 1781 1975 1935 1076 1836 1349 1000 1546 1653 1212 1244 1880 1366 1164 1654 1978 1882 1254 1406 1172 1907 1006 1374 1545 1519 1181 1702 1233 1235 1185 1228 1323 1114 1926 1909 1763 1620 1722 1322 1020 1023 1604 1262 1793 1234 1386 1140 1572 1286 1775 1596 1010 1306 1210 1999 1468 1432 1747 1909 1191 1518 1605 1286 1913 1675 1768 1224 1487 BCNSPRNW ULIB Ver.6.0+V

เปลี่ยนเป็นภาษาไทย

Change to English
 แสดงรายละเอียดบรรณานุกรม
  กลับหน้าหลัก

Brief Record : Get Marc (ISO 2709) : E-mail record : QR code < ปิดหน้าต่าง
LEADER : 00000nam 2200000uu 4500
001    13399107805
003     ULIB
008    110203s2553||||th 000 0 tha d
020    9789812599780 (ล.2)
041 1  tha^heng
060 04 WY152^bผ227ก ล.2 2553
245 00 การพยาบาลผู้ใหญ่และผู้สูงอายุที่มีปัญหาสุขภาพ^nเล่ม 2 =^bMedical-surgical nursing clinical management for positive outcomes /^cบรรณาธิการ, ผ่องศรี ศรีมรกต
246 31 Medical-surgical nursing clinical management for positiveoutcomes
250    พิมพ์ครั้งที่ 1
260    กรุงเทพฯ :^bไอ กรุ๊ป เพรส,^c2553
300    xiv, 793 หน้า :^bภาพประกอบ ;^c28 ซม.
500    แปลและเรียบเรียงจากหนังสือ Medical-surgical nursing :clinical management for positive outcomes / [edited by] Joyce M. Black, Jane Hokanson Hawks. 7th ed. 2001.
504    มีดรรชนี
650  7 การพยาบาลผู้สูงอายุ
650  7 การพยาบาลอายุรศาสตร์
650  7 ผู้ป่วย^xการดูแล
650  7 พยาบาล, การบริการ
700 0  ผ่องศรี ศรีมรกต,^eบรรณาธิการ
945    ^p1250^l0^i028540
945    ^p1250^l0^i028538
945    ^p1250^l0^i027122
945    ^p1250^l0^i027121
945    ^p1250^l0^i027120
945    ^p1250^l0^i028539
945    ^p1250^l0^i027119
995    ทศพร
999 ^a ใช้งานได้ทุกระบบ
รายการนี้ยังไม่มีแท็ก
คุณยังไม่ได้ล็อกอิน คุณสามารถมีกิจกรรมร่วมกับเว็บไซต์ได้ แต่ต้องล็อกอินก่อน ::
  ล็อกอิน

รายการสื่อสารสนเทศ

ลำดับที่ ประเภท เลขเรียก/บาร์โค้ด สถานที่ สถานะ
1. วิทยาศาสตร์การแพทย์ และสุขภาพ
วิทยาศาสตร์การแพทย์ และสุขภาพ
WY152 ผ227ก ล.2 2553 ฉ.2 
  Barcode: 027120
ห้องสมุดวิทยาเขตสวรรค์ประชารักษ์
►ส่วนจัดเก็บหนังสือเก่า สปร
บนชั้น
  ขอยืม

รายการใกล้เคียง
    หัวเรื่อง [การพยาบาลผู้สูงอายุ]
    หัวเรื่อง [การพยาบาลอายุรศาสตร์]
    หัวเรื่อง [ผู้ป่วย การดูแล]
    หัวเรื่อง [พยาบาล, การบริการ]

BibComment


ยังไม่เคยถูกคอมเมนท์

คอมเมนท์ทรัพยากรรายการนี้
  คอมเมนท์: การพยาบาลผู้ใหญ่แ..


 Copyright 2026. Bcnsprnw @Library